000 00471nam a2200181 a 4500
001 6396
003 CO-ViMGA
008 141112s2004 ck r 000 u spa d
040 _aCO-ViMGA
_bspa
_cCO-ViMGA
082 0 4 _a796.334 T151
100 1 _aTalaga, Jerzy
_95150
245 1 0 _aFutbol :
_b750 ejercicios para el entrenamiento de la tecnica
260 _aMadrid :
_bGymnos,
_c1989
300 _a194 p
590 _aEjemplares : 2
650 1 4 _aFUTBOL
942 _2ddc
_cBK
999 _c18366
_d18366